| 000 | 00488ntaaa2200181 4500 | ||
|---|---|---|---|
| 003 | 01 | ||
| 005 | 20251027201355.0 | ||
| 008 | 0714s1973 ag 01 | ||
| 040 |
_aAR-BaBN _bspa _cAR-BaBN _eaacr _dRIC |
||
| 082 | _a225.1000 V17 | ||
| 100 |
_aVaganay, Leo _912125 |
||
| 245 | _aIntroduction to the textual criticism of the New Testament | ||
| 250 |
_a1 ed. : _bSands, _cc1937 |
||
| 300 | _a208 p. | ||
| 650 |
_aBiblia-Crítica _9578 |
||
| 650 |
_aNuevo Testamento-Crítica _99964 |
||
| 942 | _cBK | ||
| 999 |
_c8231 _d8231 |
||